The modern communicator: (Record no. 6959)

000 -LEADER
fixed length control field 00602nam a2200157 4500
008 - FIXED-LENGTH DATA ELEMENTS--GENERAL INFORMATION
fixed length control field 151001b xxu||||| |||| 00| 0 eng d
020 ## - INTERNATIONAL STANDARD BOOK NUMBER
International Standard Book Number 9781615498871
050 ## - LIBRARY OF CONGRESS CALL NUMBER
Classification number P 60 .O54 2009
100 ## - MAIN ENTRY--PERSONAL NAME
Personal name O'Neill, Daniel J.
Dates associated with a name 2009
245 ## - TITLE STATEMENT
Title The modern communicator:
Remainder of title Applications and strategies for interpersonal communication ,group communication and public speaking.
Statement of responsibility, etc. Dan, O'Neill J.
260 ## - PUBLICATION, DISTRIBUTION, ETC. (IMPRINT)
Place of publication, distribution, etc. USA:
Name of publisher, distributor, etc. Greatriver technologies,
Date of publication, distribution, etc. 2009.
300 ## - PHYSICAL DESCRIPTION
Extent xx, 278 p. : ill.
Other physical details Includes index.
650 ## - SUBJECT ADDED ENTRY--TOPICAL TERM
Topical term or geographic name as entry element Communication.
700 ## - ADDED ENTRY--PERSONAL NAME
Personal name Earnheardt, Adam C.
942 ## - ADDED ENTRY ELEMENTS (KOHA)
Source of classification or shelving scheme
Koha item type Hard Covered Materials
Classification part P 60 .O54 2009
Koha issues (borrowed), all copies 2
Holdings
Withdrawn status Lost status Source of classification or shelving scheme Damaged status Not for loan Home library Current library Shelving location Date acquired Source of acquisition Total Checkouts Full call number Barcode Date last seen Date last checked out Price effective from Koha item type
          MACHAKOS UNIVERSITY LIBRARY MACHAKOS UNIVERSITY LIBRARY Technical section 01/10/2015 Donation(B.F.A) 3 P 60 .O54 2009 12125 08/06/2018 02/11/2017 01/10/2015 Hard Covered Materials
© Machakos University Library, Along The Highway, Machakos Wote Rd, Machakos, Kenya P.O. Box 136 - 90100 Machakos - Kenya

Tel: ( +254 ) 723 805829 OR Fax : 044-20353 OR Email: library@mksu.ac.ke